00257pam a2200109 a 4500020000500000041000500005082001600010100002000026245004400046260004100090300001600131 c h a746.92bMOS aAfian Mostaedi. aOutstanding Stands hTextual Documents a[s.l]:bPage one Publishing,c2006. a177:bHard.